000 00392nam a22001697a 4500
999 _c2255
_d2254
005 20211113104358.0
008 160531b xxu||||| |||| 00| 0 eng d
020 _a81-7898-439-3
041 _aeng
082 _b6405
100 _aBatra, Pramod & Vijay
_91598
245 _aProfitable Management
260 _bThink Line
_c2004
300 _a132
650 _aManagement
_9241
942 _cBK